000 00212 a2200097 4500
001 33529
100 _aJoshi, P.H
245 _aJigs and Fixtures
260 _aND
_bTata McGraw-Hill
_c2004
090 _c22300
_d22300
942 _aNUST-CAE
_cM
_c13671
999 _c268602
_d268602